ბათუმის შოთა რუსთაველის სახელმწიფო უნივერსიტეტის ბიბლიოთეკა

ბოტანიკური ლექსიკონი.მცენარეთა სახელწოდებანი=Ботанический словарь.Названия Растений. / (ბიბ.ჩანაწერი № 44360)

000 -ლიდერი
ფიქსირებული სიგრძის საკონტროლო ველი 01409nam a2200241Ia 4500
001 - საკონტროლო ნომერი
საკონტროლო ველი 11122
003 - საკონტროლო ნომრის იდენტიფიკატორი
საკონტროლო ველი GE_BSU
005 - ბოლო ოპერაციის თარიღი და დრო
საკონტროლო ველი 20230608102314.0
008 - ფიქსირებული სიგრძის მონაცემთა ელემენტები - ზოგადი ინფორმაცია
ფიქსირებული სიგრძის საკონტროლო ველი 181216s1991ge xx |||||||||||||| ||geo||
040 ## - კატალოგიზაციის წყარო
Transcribing agency GE_BSU
041 ## - ენის კოდი
Language code of text/sound track or separate title geo
080 ## - უნივერსალური ათობითი კლასიფიკაციის ინდექსი
Universal Decimal Classification number 58(038) მ-12
100 ## - მთავარი ჩანაწერი - პიროვნების სახელი
Personal name მაყაშვილი,ა.
9 (RLIN) 18557
245 ## - ცნობა სათაურის შესახებ
Title ბოტანიკური ლექსიკონი.მცენარეთა სახელწოდებანი=Ботанический словарь.Названия Растений. /
Statement of responsibility, etc ა. მაყაშვილი, წინასიტყვაობა დაურთო გ.ნახუცრიშვილმა.
250 ## - გამოცემის ცნობა
Edition statement მე-3 გამოც.
264 ## - წარმოების, გამოცემის, დისტრიბუციის და სხვა ცნობები
გამოცემის, წარმოების, დისტრიბუციის... ადგილი თბილისი:
გამოცემის, წარმოების, დისტრიბუციის... სახელწოდება მეცნიერება,
გამოცემის, წარმოების, დისტრიბუციის... თარიღი 1991.
300 ## - ფიზიკური აღწერა
Extent 246 გვ.:
Other physical details 21 სმ.
501 ## - შენიშვნა თანმხლებ მასალაზე
With note საძიებლები:ჭანური,მეგრული,სვანური,რუსული,ლათინური.გვ.102-103.
653 ## - INDEX TERM--UNCONTROLLED
Uncontrolled term ბოტანიკური ლექსიკონი.მცენარეთა სახელწოდებანი=Ботанический словарь.Названия Растений.
653 ## - INDEX TERM--UNCONTROLLED
Uncontrolled term ბოტანიკა
700 ## - ADDED ENTRY--PERSONAL NAME
Personal name ნახუცრიშვილი, გ
Relator term წინასიტყვაობის ავტორი
9 (RLIN) 1485
942 ## - ADDED ENTRY ELEMENTS (KOHA)
Koha item type წიგნი
Source of classification or shelving scheme
ეგზემპლარები
ჩამოწერის სტატუსი დაკარგული ეგზემპლარის სტატუსი კლასიფიკაციის წყარო ან თაროზე გაწყობის სქემა დაზიანების სტატუსი არ გაიცემა მუდმივი მდებარეობა (დაცვის ადგილი) ამჟამინდელი ადგილსამყოფელი თაროზე განთავსების ადგილი შეძენის თარიღი სრული შენახვის შიფრი შტრიხკოდი ბოლო ოპერაციის თარიღი ეგზემპლარის მიმდევრობითი ნომერი (კეტერი?) ფასის ძალაში შესვლის თარიღი ეგზემპლარის სახეობა ღირებულება, შესყიდვის ნორმალური ფასი Uniform Resource Identifier საჯარო შენიშვნა
          ბათუმის შოთა რუსთაველის სახელმწიფო უნივერსიტეტის მთავარი ბიბლიოთეკა ბათუმის შოთა რუსთაველის სახელმწიფო უნივერსიტეტის მთავარი ბიბლიოთეკა წიგნსაცავი 2018-12-17 58(038) მ-12 19326 2018-12-17 19326 2018-12-17 წიგნი      
          ბათუმის შოთა რუსთაველის სახელმწიფო უნივერსიტეტის მთავარი ბიბლიოთეკა ბათუმის შოთა რუსთაველის სახელმწიფო უნივერსიტეტის მთავარი ბიბლიოთეკა წიგნსაცავი 2023-06-08 58(038) მ-12 64570 2023-06-08 64570 2023-06-08 წიგნი 5.00 ბსუ-ს საპატიო დოქტორის გურამ ლორთქიფანიძის საჩუქარი 5.00